000 00515nam a2200193Ia 4500
005 20250923145915.0
008 008 250917s9999 xx 000 0 eng d
037 _aTextual
040 _aDSWL
_beng
_cDSWL
041 _aeng
_2eng
084 _aYX,z61;1, N92
_qDSWL
245 0 _aDrug abuse demand reduction
_c by Karni Nad
260 _aBombay
_bT.I.S.S.
_c1992
300 _ax,192p.
365 _aINR
_b60.00
925 _g60.00
942 _cTEXL
_hYX,z61;1, N92
999 _c1457186
_d1457186